000 00760nam a22002297a 4500
003 UA-OsUOA
001 44198
007 ta
008 20100701b un ||||| |||| 00| 0 ukr d
090 _a082
_bИ99
942 _cBK
040 _aUA-OsUOA
_bukr
_cUA-OsUOA
_dUA-OsUOA
245 _aІсторіографічні дослідження в Україні
_bМихайло Максимович і українська історична наука
_cВип. 16
300 _a469 с.
955 _a1
041 _aukr
080 _a082
260 _aК.
_c2005
650 7 _a08 Видання. Колективні праці
_2UDC
999 _c424086
_d424086